The Jerome biblical commentary for the twenty-first century / (Record no. 9114)

MARC details
000 -LEADER
fixed length control field 01625cam a2200385 i 4500
001 - CONTROL NUMBER
control field 1285705039
003 - CONTROL NUMBER IDENTIFIER
control field OCoLC
005 - DATE AND TIME OF LATEST TRANSACTION
control field 20241126110705.0
008 - FIXED-LENGTH DATA ELEMENTS--GENERAL INFORMATION
fixed length control field 211103s2022 enkb b 001 0 eng d
020 ## - INTERNATIONAL STANDARD BOOK NUMBER
International Standard Book Number 9781474248853
Qualifying information (hbk.)
020 ## - INTERNATIONAL STANDARD BOOK NUMBER
International Standard Book Number 1474248853
Qualifying information (hbk.)
035 ## - SYSTEM CONTROL NUMBER
System control number (OCoLC)1285705039
040 ## - CATALOGING SOURCE
Original cataloging agency UKMGB
Language of cataloging eng
Description conventions rda
Transcribing agency UKMGB
Modifying agency OCLCF
-- OCLCO
-- YDX
-- PTS
-- OCLCO
-- JES
-- OCLCO
050 #4 -
-- BS491.3
-- .J47 2022
082 04 - DEWEY DECIMAL CLASSIFICATION NUMBER
Classification number 220.7
Edition information 23
Item number JER
245 04 - TITLE STATEMENT
Title The Jerome biblical commentary for the twenty-first century /
Statement of responsibility, etc. edited by John J. Collins, Gina Hens-Piazza, Barbara Reid, Donald Senior ; foreword by Pope Francis.
250 ## - EDITION STATEMENT
Edition statement Third, fully revised edition.
264 #1 - PRODUCTION, PUBLICATION, DISTRIBUTION, MANUFACTURE, AND COPYRIGHT NOTICE
Place of production, publication, distribution, manufacture London ;
-- New York, NY :
Name of producer, publisher, distributor, manufacturer T&T Clark/Bloomsbury Publishing,
Date of production, publication, distribution, manufacture, or copyright notice 2022.
300 ## - PHYSICAL DESCRIPTION
Extent xxvii, 2196 pages, 8 unnumbered pages of plates :
Other physical details maps ;
Dimensions 25 cm
336 ## - CONTENT TYPE
Content type term text
Content type code txt
Source rdacontent
336 ## - CONTENT TYPE
Content type term still image
Content type code sti
Source rdacontent
336 ## - CONTENT TYPE
Content type term cartographic image
Content type code cri
Source rdacontent
337 ## - MEDIA TYPE
Media type term unmediated
Media type code n
Source rdamedia
338 ## - CARRIER TYPE
Carrier type term volume
Carrier type code nc
Source rdacarrier
500 ## - GENERAL NOTE
General note Previous edition published as "The New Jerome biblical commentary" by Prentice-Hall, 1990.
504 ## - BIBLIOGRAPHY, ETC. NOTE
Bibliography, etc. note Includes bibliographical references and index.
630 00 - SUBJECT ADDED ENTRY--UNIFORM TITLE
Uniform title Bible
Form subdivision Commentaries.
9 (RLIN) 200
655 #7 - INDEX TERM--GENRE/FORM
Genre/form data or focus term Commentaries.
Source of term fast
Authority record control number or standard number (OCoLC)fst01423723
9 (RLIN) 875
700 1# - ADDED ENTRY--PERSONAL NAME
Personal name Collins, John J.
Fuller form of name (John Joseph),
Dates associated with a name 1946-
Relator term editor.
9 (RLIN) 14868
700 1# - ADDED ENTRY--PERSONAL NAME
Personal name Hens-Piazza, Gina,
Dates associated with a name 1948-
Relator term editor.
9 (RLIN) 15908
700 0# - ADDED ENTRY--PERSONAL NAME
Personal name Francis,
Titles and other words associated with a name Pope,
Dates associated with a name 1936-
Relator term writer of foreword.
9 (RLIN) 15909
700 1# - ADDED ENTRY--PERSONAL NAME
Personal name Reid, Barbara E.,
Relator term editor.
9 (RLIN) 15910
700 1# - ADDED ENTRY--PERSONAL NAME
Personal name Senior, Donald,
Relator term editor.
9 (RLIN) 480
942 ## - ADDED ENTRY ELEMENTS (KOHA)
Source of classification or shelving scheme Dewey Decimal Classification
Koha item type Reference Books
Holdings
Withdrawn status Lost status Source of classification or shelving scheme Damaged status Not for loan Home library Current Library Shelving location Date acquired Total checkouts Full call number Barcode Date last seen Copy number Price effective from Koha item type
    Dewey Decimal Classification     GRACE BIBLE COLLEGE GRACE BIBLE COLLEGE Commentary 2022-04-12   220.7 JER 015511 2025-05-01 c.1 2022-04-12 Reference Books
© Grace Bible College Library 2025